Top 10 Blackburn Rovers Premier League Appearances - Statistics

General Stats
  • This quiz has been taken 57 times
  • The average score is 5 of 10
Answer Stats
Player Apps % Correct
Brad Friedel 261
80%
David Dunn 204
67%
Colin Hendry 204
61%
Morten Gamst Pedersen 260
59%
Tim Sherwood 216
57%
Jason Wilcox 192
37%
Brett Emerton 247
30%
Garry Flitcroft 210
28%
Henning Berg 209
28%
Tugay Kerimoğlu 233
7%
No matching quizzes found
Score Distribution
Percent of People with Each Score
Percentile by Number Answered
Your Score History
You have not taken this quiz